000 00841nam a2200241 i 4500
003 DO-SdBNP
005 20250425090148.0
007 ta
008 250425b2009 cu ||||| |||| 00| 0 spa d
040 _aDO-SdBNP
_bspa
_cBNPHU
_erda
082 4 _axxx
_bxxx
_222
100 _aGuerra Vilaboy, Sergio,
_d1949-
_eautor
_4aut.
_974079
245 1 0 _aCinco siglos de historiografía latinoamericana /
_cSergio Guerra Vilaboy
264 4 _aLa Habana, Cuba :
_bInstituto Cubano del Libro:
_bEditorial de Ciencias Sociales,
_c©2009.
300 _a232 páginas ;
_c21 cm.
336 _atexto
_btxt
_2rdacontent
337 _asin mediación
_bn
_2rdamedia
338 _avolumen
_bnc
_2rdacarrier
500 _aIncluye referencias bibliográficas y notas al pie de las páginas
590 _aInventariado, 2025/BT
910 _aBtavárez
942 _2ddc
_cLBS1
999 _c58792
_d58792